Statistics for Countries containing a 'G' AND an 'L' in their name

Click here to take the quiz!

General Stats

  • This quiz has been taken 278 times
  • The average score is 9 of 13

Answer Stats

Country % Correct
Guatemala
83%
Algeria
81%
Angola
79%
Belgium
73%
Bulgaria
72%
Portugal
72%
Luxembourg
70%
Bangladesh
67%
Senegal
67%
DR of the Congo
64%
R of the Congo
62%
Mongolia
60%
Equatorial Guinea
58%

Score Distribution

Percentile by Number Answered

Percent of People with Each Score

Your Score History

You have not taken this quiz